|
|
|
|
| LEADER |
00000nam a22000007a 4500 |
| 008 |
210923b ||||| |||| 00| 0 eng d |
| 020 |
|
|
|a 9781107456044
|
| 100 |
|
|
|a WHITEHOUSE, John Howard
|
| 245 |
|
|
|a A national system of education
|c John Howard Whitehouse
|g 92p
|
| 260 |
|
|
|b Cambridge
|c 2014
|h Cambridge, UK
|i 696826
|i 696827
|l LA1239.5.W58
|m Education- Great Britain
|
| 500 |
|
|
|a it includes index
|
| 942 |
|
|
|a lcc
|c BK
|e JOHNSON
|f 23/09/21
|
| 952 |
|
|
|0 0
|1 0
|2 lcc
|4 0
|6 LA12395 W58
|7 0
|9 3608
|a ED
|b HOL
|c LP
|d 2021-09-23
|l 0
|o LA1239.5.W58
|p 2021-67345
|r 2021-09-23 00:00:00
|w 2021-09-23
|y BK
|
| 952 |
|
|
|0 0
|1 0
|2 lcc
|4 0
|6 LA12395 W58
|7 0
|9 3609
|a ED
|b HOL
|c LP
|d 2021-09-23
|l 0
|o LA1239.5.W58
|p 2021-67346
|r 2021-09-23 00:00:00
|w 2021-09-23
|y BK
|
| 999 |
|
|
|c 1788
|d 1788
|